Statistics for Biggest German Cities (historically)

Click here to take the quiz!

General Stats

  • This quiz has been taken 1,350 times
  • The average score is 75 of 100

Answer Stats

HintAnswer% Correct
1.122.330 | 1.902.509 | 113.000 | +6 othersBerlin
100%
1.210.223 | 40.000 | 96.396 | +5 othersMunich
99%
1.403.300 | 1.711.877 | 1.715.392 | +7 othersHamburg
98%
35.000 | 136.819 | 414.576 | +4 othersFrankfurt am Main
96%
39.000 | 41.000 | 43.000 | +7 othersCologne
92%
52.000 | 61.000 | 94.092 | +5 othersDresden
87%
358.728 | 407.338 | 420.909 | 569.364Dusseldorf
87%
583.874Stuttgart
83%
36.000 | 539.403Bremen
80%
149.081 | 589.850 | 604.380 | +2 othersLeipzig
78%
439.257 | 524.728 | 595.243 | 666.743Essen
76%
436.491 | 588.994Dortmund
74%
122.843Hanover
72%
333.142Nuremberg
60%
1.929.976 | 114.000 | 175.000 | +2 othersVienna
60%
39.000 | 59.000 | 75.000 | 124.181Prague
46%
75.240 | 140.909Kaliningrad
39%
40.000 | 54.000 | 55.000 | +5 othersWrocław
38%
65.788Graz
26%
57.000 | 65.000Brussels
20%
43.000 | 66.000Antwerp
15%
52.000Ghent
11%
45.000 | 57.000Liège
11%
36.000Bruges
10%

Score Distribution

Percentile by Number Answered

Percent of People with Each Score

Your Score History

You have not taken this quiz